Governance of technical education in India (Record no. 91129)
[ view plain ]
| 000 -LEADER | |
|---|---|
| fixed length control field | 01465nam a2200373 a 4500 |
| 245 00 - TITLE STATEMENT | |
| Title | Governance of technical education in India |
| 260 ## - PUBLICATION, DISTRIBUTION, ETC. (IMPRINT) | |
| Place of publication | Washington, D.C. : |
| Name of publisher | World Bank, |
| Year of publication | c2010. |
| 300 ## - PHYSICAL DESCRIPTION | |
| Number of Pages | xiv, 85 p. : |
| Other physical details | ill. |
| 490 1# - SERIES STATEMENT | |
| Series statement | World Bank working paper, |
| 650 #0 - SUBJECT ADDED ENTRY--TOPICAL TERM | |
| Topical Term | Technical education |
| Topical Term | Technical education |
| 700 1# - ADDED ENTRY--PERSONAL NAME | |
| Personal name | Blom, Andreas. |
| Personal name | Cheong, Jannette. |
| 856 40 - ELECTRONIC LOCATION AND ACCESS | |
| Uniform Resource Identifier | http://site.ebrary.com/lib/rucke/Doc?id=10389746 |
No items available.
